Normal view
MARC view
- Intermediate economics Part-1
Entry Topical Term
001 - CONTROL NUMBER
- control field: 105585
003 - CONTROL NUMBER IDENTIFIER
- control field: NUST
005 - DATE AND TIME OF LATEST TRANSACTION
- control field: 20221222085324.0
008 - FIXED-LENGTH DATA ELEMENTS
- fixed length control field: 221222|| aca||aabn | a|a d
040 ## - CATALOGING SOURCE
- Original cataloging agency: NUST
- Transcribing agency: NUST
150 ## - HEADING--TOPICAL TERM
- Topical term or geographic name entry element: Intermediate economics Part-1
670 ## - SOURCE DATA FOUND
- Source citation: Work cat.: (NUST)184533: Abdul Haleem Khawja 105584, Intermediate economics Part-1 / , 2003
